000
00326nam a2200145Ia 4500
008
191201s2010 xx 000 0 und d
082
_a
657.3
_b
BEF
100
_a
BERK,Jonathan
245
0
_a
Financial Management
250
_a
IMP
260
_a
N.Delhi
_b
Pearson
_c
2010
300
_a
982+22
650
_a
MBA
942
_2
ddc
_c
BK
999
_c
4154
_d
4154